00271nam a2200121Ia 4500008004100000100001700041245003900058260001100097300000700108650001000115942000700125999001700132190216s9999||||xx |||||||||||||| ||und|| aAnilkumar De 0aHindi-Hruday Rog Karan Yek Prachar bDaksha a96 aHindi cBK c16380d16380